|
|
แสดงรายละเอียดบรรณานุกรม |
|
|
Brief Record
: Get Marc (ISO 2709)
: E-mail record
: |
|
|
| LEADER 00000nam 2200000uu 4500 | |||
| 008 121114s2555||||th 000 0 tha d | |||
| 020 ^a9786167479309 | |||
| 040 ^abcnkk. | |||
| 041 0 ^atha. | |||
| 090 นว พ257ส 2555 | |||
| 100 0 ^aพรรณเลขา. | |||
| 245 00 ^aสยบรักคาสโนว่า/^cพรรณเลขา. | |||
| 260 ^aกรุงเทพ:^bไลต์ ออฟ เลิฟ,^c2555. | |||
| 300 ^a292 หน้า. | |||
| 650 0 ^aนวนิยายไทย. | |||
| 999 ^aใช้งานได้ทุกระบบ | |||
| คุณยังไม่ได้ล็อกอิน คุณสามารถมีกิจกรรมร่วมกับเว็บไซต์ได้ แต่ต้องล็อกอินก่อน :: |
|
| สถานะ | |||||||||
| 1. | นวนิยาย | นว พ257ส 2555 | On Shelf ขอยืม | ||||||
| 2. | นวนิยาย | นว พ257ส 2555 ฉ.2 | On Shelf ขอยืม | ||||||
| [แสดง 2/2 รายการ] | |||||||||
| รายการใกล้เคียง หัวเรื่อง [นวนิยายไทย.] |
BibComment |
| คอมเมนท์ทรัพยากรรายการนี้ |
|
|